书目信息 |
| 题名: |
化工原理 上
|
|
| 作者: | 蒋维钧 编著 | |
| 分册: | ||
| 出版信息: | 北京 清华大学出版社 1992.12 |
|
| 页数: | 701页 | |
| 开本: | 32开 | |
| 丛书名: | ||
| 单 册: | ||
| 中图分类: | ||
| 科图分类: | ||
| 主题词: | 化学工业--基础理论 | |
| 电子资源: | ||
| ISBN: | 7-302-01048-X | |
| 000 | 00584nam0 2200205 45 | |
| 001 | 9911231546 | |
| 005 | 20001115190117.8 | |
| 010 | @a7-302-01048-X@d19.80元 | |
| 100 | @a19991123d1992 km y0chiy0120 ea | |
| 101 | @achi | |
| 105 | @a z 000yy | |
| 200 | 1 | @a化工原理 上@AHua Gong Yuan Li Shang@f蒋维钧等编著@FJiang Wei Jun Deng Bian Zhu |
| 210 | @a北京@c清华大学出版社@d1992.12 | |
| 215 | @a701页@d32开 | |
| 606 | 0 | @a化学工业@x基础理论 |
| 690 | @v3 | |
| 690 | @aTQ01-62@v3 | |
| 701 | @a蒋维钧@4编著 | |
| 801 | @aCN@bPFTUser@c19991123 | |
| 905 | @dTQ01-62@eJ359:1@b407873-882@f10 | |
| 化工原理 上/蒋维钧等编著.-北京:清华大学出版社,1992.12 |
| 701页;32开 |
| ISBN 7-302-01048-X:19.80元 |
| ● |
| 相关链接 |
|
|
|
正题名:化工原理上
索取号:TQ01-62/J359:1
 
预约/预借
| 序号 | 登录号 | 条形码 | 馆藏地/架位号 | 状态 | 备注 |
| 1 | 407873 | 204078737 | 自科二线504/504自科库 29排2列3层/ [索取号:TQ01-62/J359:1] | 在馆 | |
| 2 | 407874 | 204078746 | 自科库501/501自科库 137排1列5层/ [索取号:TQ01-62/J359:1] | 在馆 | |
| 3 | 407875 | 204078755 | 自科二线504/504自科库 29排2列3层/ [索取号:TQ01-62/J359:1] | 在馆 | |
| 4 | 407876 | 204078764 | 自科二线504/504自科库 29排2列3层/ [索取号:TQ01-62/J359:1] | 在馆 | |
| 5 | 407877 | 204078773 | 期刊室512/501自科库 137排1列5层/ [索取号:TQ01-62/J359:1] | 在馆 | |
| 6 | 407878 | 204078782 | 期刊室512/501自科库 137排1列5层/ [索取号:TQ01-62/J359:1] | 在馆 | |
| 7 | 407879 | 204078791 | 自科二线504/504自科库 29排2列3层/ [索取号:TQ01-62/J359:1] | 在馆 | |
| 8 | 407880 | 204078808 | 自科二线504/504自科库 29排2列3层/ [索取号:TQ01-62/J359:1] | 在馆 | |
| 9 | 407881 | 204078817 | 自科二线504/504自科库 29排2列3层/ [索取号:TQ01-62/J359:1] | 在馆 | |
| 10 | 407882 | 204078826 | 自科库501/501自科库 137排1列5层/ [索取号:TQ01-62/J359:1] | 在馆 |